| 000 | 00693nam a2200217 a 4500 | ||
|---|---|---|---|
| 999 |
_c130 _d130 |
||
| 001 | 130 | ||
| 003 | BD-JhCC | ||
| 005 | 20180210105521.0 | ||
| 008 | 170930s1992 bg |||| ||a| 000 0 ben d | ||
| 035 | _a(BD-JhCC)130 | ||
| 040 |
_aBD-JhCC _dBD-JhCC |
||
| 041 | _aeng | ||
| 082 |
_a954.9205 _bISL 1992 |
||
| 100 | _aইসলাম, রফিকুল | ||
| 245 |
_aমুক্তিযুদ্ধ ও বুদ্ধিজীবি / _cরফিকুল ইসলাম |
||
| 260 |
_aঢাকা : _bঅনন্যা, _c1992 |
||
| 300 |
_a১৪৯ পৃ. : _c২২ সেমি. |
||
| 651 |
_aBangladesh _xHistory of Liberation _y1971 |
||
| 942 |
_2ddc _cBK |
||